Estudios mistralianos

Sábháilte in:
Sonraí bibleagrafaíochta
Príomhchruthaitheoir: Oroz Scheibe, Rodolfo (autor)
Formáid: LEABHAR
Teanga:Spáinnis
Foilsithe / Cruthaithe: Santiago Instituto de Chile 1995
Eagrán:1a. ed
Ábhair:
Clibeanna: Cuir clib leis
Níl clibeanna ann, Bí ar an gcéad duine le clib a chur leis an taifead seo!

MARC

LEADER 00000nam a2200000 a 4500
001 UCU7404
003 CL-VaPUC
008 960705e19950000CL |||||||||||||||||spa|d
082 0 4 |a Ch861  |b ORO  |2 21 
100 |a Oroz Scheibe, Rodolfo  |e autor  |9 316404 
245 1 0 |a Estudios mistralianos 
250 |a 1a. ed 
300 |a 267 p 
942 |c BK 
945 |d 19960705 00:00:00  |a rbrito 
260 |a Santiago  |b Instituto de Chile  |c 1995 
650 0 |a Poesía chilena   |9 268403 
650 0 |a Crítica e interpretación   |9 255042 
651 7 |a CHILE  |2 CL-VaPUC  |9 366222 
583 |a last modification  |c 19960705 00:00:00  |k Rodrigo Vera 
999 |c 250059  |d 250057 
952 |0 0  |1 0  |4 0  |6 CH_861_000000000000000_ORO_1995  |7 0  |8 A  |9 267802  |a BIBCUR  |b BIBCUR  |d 2019-11-19  |i 3213552  |o Ch861 ORO 1995  |p 3213552  |r 2025-04-22  |w 2019-11-19  |y BK  |k PER